000 00917nam0a2200301 i 4500
001 RU\NLR\BIBL_A\010473657
005 20240921103111.0
010 _a9785446902798
_9200
021 _aRU
_b2014-55925
_93377
035 _a(NILC)RuMoRGB-007527563
035 _a(NLR Aleph) 010473657
090 _a10032808
_c10032808
100 _a20141008d2014 um y0rusy50 ca
101 0 _arus
102 _aRU
105 _ay|||z|||000yy
200 1 _aПосмертное Чаепитие
_e[сборник]
_fL. Sid
210 _aМосква
_aСанкт-Петербург
_c[б. и.]
_d2014
215 _a133 с.
_d21
686 2 _aШ6(2=Р)8-4
700 0 _aL. Sid
_cпсевдоним
_9143857
_3RU\NLR\AUTH\770143893
801 0 _aRU
_bРГБ
_c20140730
_gRCR
801 1 _aRU
_bРГБ
_c20140730
_2rusmarc
942 _cBOOK
980 _aNBR